Home networking technologies and standards (Record no. 55196)
[ view plain ]
| 000 -LEADER | |
|---|---|
| fixed length control field | 01356nam a2200349Ia 4500 |
| 082 04 - DEWEY DECIMAL CLASSIFICATION NUMBER | |
| Classification number | 004.6/8 |
| 100 1# - MAIN ENTRY--AUTHOR NAME | |
| Personal name | Zahariadis, Theodore B. |
| 245 10 - TITLE STATEMENT | |
| Title | Home networking technologies and standards |
| 260 ## - PUBLICATION, DISTRIBUTION, ETC. (IMPRINT) | |
| Place of publication | Boston : |
| Name of publisher | Artech House, |
| Year of publication | c2003. |
| 300 ## - PHYSICAL DESCRIPTION | |
| Number of Pages | xv, 186 p. : |
| Other physical details | ill. |
| 490 1# - SERIES STATEMENT | |
| Series statement | Artech House telecommunications library |
| 650 #0 - SUBJECT ADDED ENTRY--TOPICAL TERM | |
| Topical Term | Home computer networks. |
| Topical Term | Wireless communication systems. |
| Topical Term | Broadband communication systems. |
| 856 40 - ELECTRONIC LOCATION AND ACCESS | |
| Uniform Resource Identifier | http://site.ebrary.com/lib/rucke/Doc?id=10082039 |
No items available.
